000 00491nam a22001697a 4500
005 20171003111516.0
010 _a1718EN-30
020 _a9789386473042
_c295.00
037 _bStar Pub.
_adpl
100 _aAnsal, Kusum
245 _aThe widow of Vrindavan /
_cby Kusum Ansal
260 _aNew Delhi
_bVitastaa Pub.
_c2017
270 _a2/15, Ansari Road, Daryaganj,
_bNew Delhi
_e110002
300 _a295p.
_c19cm(pbk)
942 _2ddc
_cEN
_mANS
999 _c145314
_d145314